Introduction to communication studies(E-BOOK) (Record no. 193025)

000 -LEADER
fixed length control field 00904 a2200313 4500
003 - CONTROL NUMBER IDENTIFIER
control field Nust
005 - DATE AND TIME OF LATEST TRANSACTION
control field 20170207154049.0
020 ## - INTERNATIONAL STANDARD BOOK NUMBER
International Standard Book Number 0-415-04671-8 (inb.)
020 ## - INTERNATIONAL STANDARD BOOK NUMBER
International Standard Book Number 0-415-04672-6 (hft.)
020 ## - INTERNATIONAL STANDARD BOOK NUMBER
International Standard Book Number 978-0-415-04672-5 (pbk)
040 ## - CATALOGING SOURCE
Transcribing agency Nust
082 ## - DEWEY DECIMAL CLASSIFICATION NUMBER
Classification number 302.2
100 1# - MAIN ENTRY--PERSONAL NAME
Personal name Fiske, John
245 10 - TITLE STATEMENT
Title Introduction to communication studies(E-BOOK)
Statement of responsibility, etc. John Fiske
250 ## - EDITION STATEMENT
Edition statement 2. ed.
260 ## - PUBLICATION, DISTRIBUTION, ETC.
Place of publication, distribution, etc. London :
Name of publisher, distributor, etc. Routledge,
Date of publication, distribution, etc. 1990
300 ## - PHYSICAL DESCRIPTION
Extent xvi, 203 s. :
Other physical details ill., tab.
440 #0 - SERIES STATEMENT/ADDED ENTRY--TITLE
Title Studies in communication,
500 ## - GENERAL NOTE
General note Reprinted 1991 (twice), 1992, 1993, 1994, 1996, 1997, 1998 (twice), 2000, 2002, 2002, 2003, 2004, 2006 (twice)
650 #7 - SUBJECT ADDED ENTRY--TOPICAL TERM
Topical term or geographic name entry element Communication
650 #7 - SUBJECT ADDED ENTRY--TOPICAL TERM
Topical term or geographic name entry element Communication
650 #7 - SUBJECT ADDED ENTRY--TOPICAL TERM
Topical term or geographic name entry element Communication studies
650 #7 - SUBJECT ADDED ENTRY--TOPICAL TERM
Topical term or geographic name entry element Kommunikation
650 #7 - SUBJECT ADDED ENTRY--TOPICAL TERM
Topical term or geographic name entry element Kommunikation
650 #7 - SUBJECT ADDED ENTRY--TOPICAL TERM
Topical term or geographic name entry element Kommunikation
650 #7 - SUBJECT ADDED ENTRY--TOPICAL TERM
Topical term or geographic name entry element Kommunikationsvetenskap
650 #7 - SUBJECT ADDED ENTRY--TOPICAL TERM
Topical term or geographic name entry element man
651 ## - SUBJECT ADDED ENTRY--GEOGRAPHIC NAME
Geographic name E-BOOK
942 ## - ADDED ENTRY ELEMENTS (KOHA)
Source of classification or shelving scheme
Koha item type Book
Holdings
Withdrawn status Lost status Source of classification or shelving scheme Damaged status Not for loan Collection code Permanent Location Current Location Date acquired Total Checkouts Full call number Barcode Date last seen Price effective from Koha item type
            Military College of Signals (MCS) Military College of Signals (MCS) 12/12/2016   302.2 FIS MCSEB-2243 12/08/2016 12/12/2016 Book
© 2023 Central Library, National University of Sciences and Technology. All Rights Reserved.